| 000 | 00905nam a22002415i 4500 | ||
|---|---|---|---|
| 001 | 177383 | ||
| 003 | ES-MaACL | ||
| 005 | 20230906220322.0 | ||
| 008 | 110321s1969 sp ao |||| | spa d | ||
| 080 | _a542(076.5) | ||
| 245 | 0 | 0 |
_aQuímica _b: investigaciones de laboratorio / _c[ed. por] N. F. (Nuffield Foundation) ; [traducida por José Beltrán]. |
| 260 |
_aBarcelona [etc.] : _bReverté, _c1969. |
||
| 300 |
_a3 v. : _bil. bl. y n. ; _c26 cm. |
||
| 490 | 1 | _aPublicaciones del programa Nuffield de química | |
| 505 | 8 | _aContiene: V. 1. Fase IA.- V. 2. Fase IB.- V. 3. Fase II | |
| 597 | _aGuardados en carpetas. | ||
| 650 | 4 |
_aQuímica- _xExperimentos. _9145737 |
|
| 700 | 0 |
_aBeltrán, José. _927340 |
|
| 710 | 0 |
_aNuffield Foundation. _95996 |
|
| 830 | 0 |
_aPublicaciones del programa Nuffield de química _9224172 |
|
| 852 |
_aES-MaACL _j2276-F-7-9 _xOlim P-1516 |
||
| 999 |
_c177383 _d177383 |
||